Recuerdos clásicos en el arte gerundense medieval / Carlos Cid Priego
Descripción Física:
p. 17-28 : il. ; 27 cm
Materias:
Art medieval -- Girona
MARC
| LEADER | 00000nam a2200000Ia 4500 | ||
|---|---|---|---|
| 001 | 17552 | ||
| 008 | 160829s9999 xx 000 0 cat d | ||
| 080 | |a FU-2-26 | ||
| 100 | |a Cid Priego, Carlos |9 19791 | ||
| 245 | |a Recuerdos clásicos en el arte gerundense medieval / Carlos Cid Priego | ||
| 260 | |a [Girona] : |b [s.n.], [195?]. | ||
| 300 | |a p. 17-28 : |b il. ; |c 27 cm | ||
| 590 | |a Separata de Revista de Gerona. | ||
| 590 | |a Prové de R.168 del currículum per la plaça de conservador del Museu Arqueològic, 1957 | ||
| 650 | |a Art medieval |x Girona |9 46603 | ||
| 901 | |a Arxiu | ||
| 942 | |n 1 | ||
| 952 | |0 0 |1 0 |4 0 |6 FU226 |7 1 |9 53309 |a Arxiu |b Arxiu |d 2016-12-01 |l 0 |o FU-2-26 |p 17552 |r 2016-12-01 00:00:00 |w 2016-12-01 |y ARXIU | ||
| 999 | |c 57173 |d 57173 | ||